Представление документа в формате MARC21

Поле Инд. ПП Название Значение
Тип записи m
Библиографический уровень m
001 Контрольный номер RU/LIBMSTU/383146599
005 Дата корректировки 20230201090044.7
008 Кодируемые данные 121030|||||||||ru |||||||||||000|||rus||
040 b Код языка каталог. eng
e Правила каталог. PSBO
041 0_ a Код языка текста eng
084 a Индекс другой классификации/Индекс ББК 81.2Англ-923+60.9
245 10 a Заглавие Social work – facts, problems and solutions
b Продолж. заглавия метод. указания по дисциплине "Иностранный язык (англ.)" для студентов 1, 2, 4 курсов cпециальности 040101 "Социальная работа" днев. формы обучения и 1,2 курсов заоч. и заоч.-ускор. форм обучения гуманитар. фак.
c Ответственность Федер. агентство по рыболовству, Мурман. гос. техн. ун-т, Каф. делового иностр. яз. ; сост. Я. А. Глухих
h Физич. носитель Электронный ресурс
256 a Характеристики компьютерного файла Электрон. текстовые дан. (1 файл : 308 Кб)
260 a Место издания Мурманск
b Издательство Изд-во МГТУ
c Дата издания 2011
500 10 a Примечание Доступ из локальной сети Мурман. гос. техн. ун-та
500 a Примечание Загл. с экрана
583 x Служебное примечание Полнотекстовые документы
x Служебное примечание Труды преподавателей МГТУ
z Открытое примечание 040000
z Открытое примечание 39.00.00
653 1_ a Ключевые слова Английский язык; Английский язык для гуманитарных специальностей; Методические указания; Социальная работа; Электронные версии
a Ключевые слова Труды преподавателей МГТУ
856 0_ u URL https://elib.mauniver.ru/2011/M_11_6.pdf
901 t Тип документа m
952 c Вид литературы учебно-методическое издание